000 00710nam a22001817a 4500
999 _c16443
_d16443
003 AR-CdUCM
008 190503b ||||| |||| 00| 0 esp d
040 _aMUNICIPALIDAD PROVINCIAL DEL CUSCO
_cBIBLIOTECA MUNICIPAL DEL CUSCO
082 _a868.4 /
_bS19
100 _aSamaniego, Félix María
_935891
245 _aFabulas /
260 _aMadrid :
_bEspasa - Calpe,
_c1964.
300 _a157 páginas ;
_c20 cm.
505 _aEl asno y el cochino -- El muchacho y la fortuna -- El león vencido por el hombre -- El ciervo en la fuente -- El calvo y la mosca -- El asno sesudo -- El pájaro herido de una flecha ...
650 _aLiteratura infantil
_9588
942 _2ddc
_cLIBROS
945 _aacrt
_d2019-05-03